[Event "Kiev Shystarev Memorial 1st"]
[Site "Kiev"]
[Date "2020.08.27"]
[Round "4"]
[White "Shishkin, Vadim"]
[Black "Frolov, Artur"]
[Result "0-1"]
[WhiteElo "2469"]
[BlackElo "2414"]
[PlyCount "62"]
[EventDate "2020.08.25"]
[EventType "swiss"]
[EventRounds "9"]
[EventCountry "UKR"]
[SourceTitle "EXT 2022"]
[Source "ChessBase"]
[SourceDate "2021.10.06"]
[SourceVersion "1"]
[SourceVersionDate "2021.10.06"]
[SourceQuality "1"]

1. d4 Nf6 2. c4 g6 3. Nc3 Bg7 4. e4 d6 5. Be2 0-0 6. Be3 e5 7. d5 Na6 8. g4 Nc5 9. Bf3 a5 10. g5 Nfd7 11. h4 f5 12. gxf6 Nxf6 13. h5 gxh5 14. Bxc5 dxc5 15. Bxh5 c6 16. f3 a4 17. Qd2 Qa5 18. Rc1 cxd5 19. cxd5 b5 20. Nd1 Qa7 21. Qe3 c4 22. Qxa7 Rxa7 23. a3 Bh6 24. Rc2 Rg7 25. Ne2 Bf4 26. Nec3 Bd7 27. Bg4 Nxg4 28. fxg4 Bxg4 29. Nxb5 Bf3 30. Rf1 Bg3+ 31. Kd2 Bg2 0-1

[Event "Budapest Rigochess02 IM"]
[Site "Budapest"]
[Date "2020.02.21"]
[Round "8"]
[White "Frolov, Artur"]
[Black "Fule, Simon"]
[Result "1/2-1/2"]
[WhiteElo "2420"]
[BlackElo "2143"]
[PlyCount "65"]
[EventDate "2020.02.13"]
[EventType "tourn"]
[EventRounds "9"]
[EventCountry "HUN"]
[EventCategory "1"]
[SourceTitle "CBM 195 Extra"]
[Source "ChessBase"]
[SourceDate "2020.05.31"]
[SourceVersion "1"]
[SourceVersionDate "2020.05.31"]
[SourceQuality "1"]

1. e4 e5 2. Nf3 Nc6 3. Bb5 a6 4. Ba4 Nf6 5. 0-0 Be7 6. Re1 b5 7. Bb3 0-0 8. a4 b4 9. d3 d6 10. Nbd2 Be6 11. a5 Qc8 12. c3 bxc3 13. bxc3 Rb8 14. Bxe6 Qxe6 15. d4 exd4 16. cxd4 d5 17. e5 Nd7 18. Ba3 Bxa3 19. Rxa3 f6 20. Rc3 fxe5 21. Qc2 Nxa5 22. Qxh7+ Kxh7 23. Ng5+ Kg8 24. Nxe6 Rfe8 25. Rxc7 Rxe6 26. Rxd7 Nc4 27. Nf3 e4 28. Ng5 Rd6 29. Ra7 Rdb6 30. h4 R8b7 31. Ra8+ Rb8 32. Ra7 R8b7 33. Ra8+ 1/2-1/2

[Event "Budapest Rigochess02 IM"]
[Site "Budapest"]
[Date "2020.02.20"]
[Round "7"]
[White "Terbe, Zsuzsanna"]
[Black "Frolov, Artur"]
[Result "1/2-1/2"]
[WhiteElo "2175"]
[BlackElo "2420"]
[PlyCount "61"]
[EventDate "2020.02.13"]
[EventType "tourn"]
[EventRounds "9"]
[EventCountry "HUN"]
[EventCategory "1"]
[SourceTitle "CBM 195 Extra"]
[Source "ChessBase"]
[SourceDate "2020.05.31"]
[SourceVersion "1"]
[SourceVersionDate "2020.05.31"]
[SourceQuality "1"]

1. d4 Nf6 2. Nf3 e6 3. Bf4 c5 4. e3 Nc6 5. Nbd2 d5 6. c3 Bd6 7. Bg3 0-0 8. Bd3 b6 9. a4 Bb7 10. 0-0 Bxg3 11. hxg3 Qc7 12. Qc2 e5 13. dxe5 Nxe5 14. Nxe5 Qxe5 15. Nf3 Qh5 16. Bf5 Rfe8 17. a5 d4 18. cxd4 Bxf3 19. gxf3 cxd4 20. axb6 axb6 21. Rxa8 Rxa8 22. exd4 Qxf3 23. Re1 g6 24. Be4 Nxe4 25. Qxe4 Qxe4 26. Rxe4 Ra1+ 27. Kg2 Rb1 28. Re2 Kf8 29. Rd2 Ke7 30. Kf3 Kd6 31. Ke4 1/2-1/2

[Event "CZE-chT 1920"]
[Site "Czech Republic"]
[Date "2020.01.26"]
[Round "6.3"]
[White "Frolov, Artur"]
[Black "Jakubowski, Krzysztof"]
[Result "1-0"]
[WhiteElo "2423"]
[BlackElo "2494"]
[PlyCount "43"]
[EventDate "2019.10.12"]
[EventType "team-tourn"]
[EventRounds "11"]
[EventCountry "CZE"]
[SourceTitle "CBM 194 Extra"]
[Source "ChessBase"]
[SourceDate "2020.03.31"]
[SourceVersion "1"]
[SourceVersionDate "2020.03.31"]
[SourceQuality "1"]
[WhiteTeam "Praha Dopravni Podnik"]
[BlackTeam "Poruba Slavoj"]
[WhiteTeamCountry "CZE"]
[BlackTeamCountry "CZE"]

1. e4 c5 2. Nf3 d6 3. d4 cxd4 4. Nxd4 Nf6 5. Nc3 a6 6. Bg5 e6 7. Qe2 b5 8. 0-0-0 Qc7 9. f4 b4 10. Nd5 exd5 11. exd5+ Be7 12. Bxf6 gxf6 13. Qh5 f5 14. Bd3 Bf6 15. Rhe1+ Kd8 16. Bxf5 Ra7 17. Qh6 Be7 18. Qg7 Rf8 19. Bxc8 Qc4 20. Rxe7 Rxe7 21. Qxf8+ Re8 22. Qxf7 1-0

[Event "CZE-chT 1920"]
[Site "Czech Republic"]
[Date "2019.11.30"]
[Round "3.6"]
[White "Frolov, Artur"]
[Black "Pechac, Jergus"]
[Result "1/2-1/2"]
[WhiteElo "2423"]
[BlackElo "2491"]
[PlyCount "86"]
[EventDate "2019.10.12"]
[EventType "team-tourn"]
[EventRounds "11"]
[EventCountry "CZE"]
[SourceTitle "CBM 193 Extra"]
[Source "ChessBase"]
[SourceDate "2020.01.31"]
[SourceVersion "1"]
[SourceVersionDate "2020.01.31"]
[SourceQuality "1"]
[WhiteTeam "Praha Dopravni Podnik"]
[BlackTeam "Pardubice"]
[WhiteTeamCountry "CZE"]
[BlackTeamCountry "CZE"]

1. e4 e5 2. Nf3 Nc6 3. Bb5 Nd4 4. Nxd4 exd4 5. 0-0 g6 6. Re1 Bg7 7. c3 Ne7 8. cxd4 Bxd4 9. Nc3 0-0 10. d3 Bg7 11. Bg5 h6 12. Bh4 c6 13. Ba4 g5 14. Bg3 d5 15. exd5 Nxd5 16. Nxd5 Qxd5 17. Bb3 Qd4 18. Re7 Qxb2 19. Rb1 Qf6 20. Rc7 b6 21. Rc1 Be6 22. R1xc6 Bxb3 23. axb3 Qf5 24. Qf3 Qxf3 25. gxf3 Rfd8 26. Bd6 Bb2 27. Kg2 Kg7 28. Rb7 h5 29. h4 gxh4 30. f4 Bf6 31. Be5 Bxe5 32. fxe5 Rxd3 33. Rf6 Rf8 34. Rf4 Kg6 35. Rf6+ Kg5 36. Rbxf7 Rxf7 37. Rxf7 Rxb3 38. e6 Rb2 39. Kh3 Rb3+ 40. Kg2 Rb2 41. Kh3 Rb3+ 42. Kg2 Rb2 43. Kh3 Rb3+ 1/2-1/2

[Event "Lvov Tradition IM 11"]
[Site "Lvov"]
[Date "2019.11.23"]
[Round "6"]
[White "Frolov, Artur"]
[Black "Shkuran, Danylo"]
[Result "1/2-1/2"]
[WhiteElo "2425"]
[BlackElo "2345"]
[PlyCount "52"]
[EventDate "2019.11.20"]
[EventType "tourn"]
[EventRounds "9"]
[EventCountry "UKR"]
[EventCategory "1"]
[SourceTitle "CBM 193 Extra"]
[Source "ChessBase"]
[SourceDate "2020.01.31"]
[SourceVersion "1"]
[SourceVersionDate "2020.01.31"]
[SourceQuality "1"]

1. e4 e5 2. Nf3 Nf6 3. Nxe5 d6 4. Nf3 Nxe4 5. Qe2 Qe7 6. d3 Nf6 7. Bg5 Qxe2+ 8. Bxe2 Be7 9. Nc3 c6 10. Ne4 Nbd7 11. 0-0-0 d5 12. Nxf6+ Bxf6 13. Rhe1 0-0 14. d4 Bxg5+ 15. Nxg5 Nf6 16. Bd3 h6 17. Nf3 Re8 18. Rxe8+ Nxe8 19. Re1 Kf8 20. Ne5 Nd6 21. c3 Be6 22. Ng6+ Kg8 23. Ne7+ Kf8 24. Ng6+ Kg8 25. Ne7+ Kf8 26. Ng6+ Kg8 1/2-1/2

[Event "UKR-ch sf"]
[Site "Omelnyk"]
[Date "2019.10.14"]
[Round "9"]
[White "Frolov, Artur"]
[Black "Belous, Mikhail"]
[Result "1/2-1/2"]
[WhiteElo "2423"]
[BlackElo "2319"]
[PlyCount "68"]
[EventDate "2019.10.06"]
[EventType "swiss"]
[EventRounds "9"]
[EventCountry "UKR"]
[SourceTitle "EXT 2020"]
[Source "ChessBase"]
[SourceDate "2019.10.17"]
[SourceVersion "1"]
[SourceVersionDate "2019.10.17"]
[SourceQuality "1"]

1. e4 c5 2. Nf3 d6 3. d4 cxd4 4. Nxd4 Nf6 5. Nc3 a6 6. Bg5 Nbd7 7. Qe2 h6 8. Bh4 g6 9. 0-0-0 e5 10. Nb3 Be7 11. a4 Kf8 12. f3 Kg7 13. g4 b5 14. a5 Qc7 15. Kb1 Bb7 16. Bxf6+ Nxf6 17. Nd5 Bxd5 18. exd5 Nd7 19. h4 Nc5 20. Nxc5 dxc5 21. Qd2 Bd6 22. Qc3 c4 23. f4 Rac8 24. f5 b4 25. Qf3 Qxa5 26. g5 Rhf8 27. h5 c3 28. fxg6 fxg6 29. Qd3 cxb2 30. Qxg6+ Kh8 31. Qxh6+ Kg8 32. Qg6+ Kh8 33. Qh6+ Kg8 34. Qg6+ Kh8 1/2-1/2

[Event "Oberliga Ost-B 1920"]
[Site "Germany"]
[Date "2019.09.29"]
[Round "1.2"]
[White "Frolov, Artur"]
[Black "Rolle, Eric"]
[Result "1/2-1/2"]
[WhiteElo "2420"]
[BlackElo "2211"]
[PlyCount "68"]
[EventDate "2019.09.29"]
[EventType "team-tourn"]
[EventRounds "11"]
[EventCountry "GER"]
[SourceTitle "EXT 2021"]
[Source "ChessBase"]
[SourceDate "2020.10.23"]
[SourceVersion "1"]
[SourceVersionDate "2020.10.23"]
[SourceQuality "1"]
[WhiteTeam "Bad Emstal/Wolfhagen"]
[BlackTeam "Marburg"]
[WhiteTeamCountry "GER"]
[BlackTeamCountry "GER"]

1. d4 d5 2. Nf3 e6 3. Bg5 Be7 4. Bxe7 Qxe7 5. Nbd2 f5 6. e3 Nf6 7. c4 0-0 8. Qb3 c6 9. Ne5 Nbd7 10. Ndf3 a5 11. a3 Ne4 12. Bd3 a4 13. Qc2 Ndf6 14. h3 c5 15. cxd5 cxd4 16. d6 Qxd6 17. exd4 Bd7 18. 0-0 Rfc8 19. Qe2 Be8 20. Rfc1 Bc6 21. Rc2 Bd5 22. Rac1 Rxc2 23. Qxc2 h6 24. Bb5 Bb3 25. Qc7 Qxc7 26. Rxc7 Nd6 27. Bd3 Rc8 28. Rxc8+ Nxc8 29. g4 Nd6 30. Nd2 Bd5 31. f3 g5 32. Kf2 h5 33. h4 hxg4 34. hxg5 Nh7 1/2-1/2

[Event "Lvov Tradition IM 09"]
[Site "Lvov"]
[Date "2019.09.25"]
[Round "5"]
[White "Frolov, Artur"]
[Black "Cherniaiev, Tykhon"]
[Result "1-0"]
[WhiteElo "2425"]
[BlackElo "2112"]
[PlyCount "153"]
[EventDate "2019.09.23"]
[EventType "tourn"]
[EventRounds "9"]
[EventCountry "UKR"]
[SourceTitle "EXT 2020"]
[Source "ChessBase"]
[SourceDate "2019.10.17"]
[SourceVersion "1"]
[SourceVersionDate "2019.10.17"]
[SourceQuality "1"]

1. d4 Nf6 2. Nf3 e6 3. g3 b5 4. Bg2 Bb7 5. 0-0 d5 6. a4 b4 7. c3 bxc3 8. bxc3 Be7 9. Ba3 0-0 10. Nbd2 Nbd7 11. Bxe7 Qxe7 12. Rb1 Rab8 13. Re1 c5 14. e3 Bc6 15. a5 a6 16. c4 Rxb1 17. Qxb1 Rb8 18. Qa1 Ne4 19. cxd5 Bxd5 20. Bf1 Nxd2 21. Nxd2 cxd4 22. Qxd4 Bc6 23. Rc1 Bb5 24. Rc7 Qd8 25. Qd6 Nf8 26. Qxd8 Rxd8 27. Bxb5 Rxd2 28. Bxa6 Rd5 29. Bc4 Rxa5 30. Kg2 g6 31. h4 h5 32. Rb7 Ra8 33. e4 Rd8 34. Bb5 Nh7 35. e5 g5 36. hxg5 Nxg5 37. Be2 Rd2 38. Bxh5 Ra2 39. Rb3 Kg7 40. Re3 Rb2 41. Be2 Rb4 42. f3 Nh7 43. f4 Nf8 44. Rc3 Ng6 45. Kf3 Ne7 46. Bc4 Nf5 47. Bd3 Rb3 48. Rxb3 Nd4+ 49. Ke3 Nxb3 50. Bb5 Kf8 51. Kd3 Ke7 52. Kc3 Na5 53. Kb4 Nb7 54. Bc6 Nd8 55. Kc5 f6 56. Bf3 fxe5 57. fxe5 Nf7 58. Kd4 Nh6 59. Ke4 Kf7 60. Kf4 Nf5 61. Bh5+ Kg7 62. Bg4 Nd4 63. Ke4 Nb3 64. Bxe6 Nd2+ 65. Ke3 Nf1+ 66. Kf4 Kf8 67. Bd5 Nd2 68. Ba2 Ke7 69. g4 Kf8 70. g5 Kg7 71. e6 Kf8 72. g6 Kg7 73. e7 Kxg6 74. e8Q+ Kh7 75. Kf5 Nf3 76. Qg6+ Kh8 77. Qg8# 1-0

[Event "Balaton Summer's End IM"]
[Site "Balatonlelle"]
[Date "2019.09.03"]
[Round "7"]
[White "Suta, Andraz"]
[Black "Frolov, Artur"]
[Result "0-1"]
[WhiteElo "2278"]
[BlackElo "2425"]
[PlyCount "100"]
[EventDate "2019.08.29"]
[EventType "tourn"]
[EventRounds "9"]
[EventCountry "HUN"]
[EventCategory "1"]
[SourceTitle "EXT 2020"]
[Source "ChessBase"]
[SourceDate "2019.10.17"]
[SourceVersion "1"]
[SourceVersionDate "2019.10.17"]
[SourceQuality "1"]

1. e4 c5 2. Nf3 Nc6 3. d4 cxd4 4. Nxd4 e6 5. Nc3 d6 6. Be3 a6 7. f4 Nge7 8. Qf3 Nxd4 9. Bxd4 Nc6 10. 0-0-0 Nxd4 11. Rxd4 Qb6 12. Rd1 Be7 13. e5 d5 14. Ne2 g6 15. Nd4 h5 16. g3 Bd7 17. h3 Rc8 18. c3 Ba4 19. Rd3 Bc5 20. Kb1 Bxd4 21. Rxd4 Qxd4 22. cxd4 Bc2+ 23. Ka1 Be4 24. Qd1 Bxh1 25. Bxa6 bxa6 26. Qxh1 Rc4 27. b3 Rc6 28. Qe1 0-0 29. Qd2 a5 30. g4 a4 31. Kb2 Ra8 32. b4 h4 33. a3 Rac8 34. f5 exf5 35. gxf5 gxf5 36. Qg5+ Rg6 37. Qxf5 Rcc6 38. Qd7 Rg2+ 39. Kb1 Rg1+ 40. Kb2 Rg2+ 41. Kb1 Rcg6 42. Qxa4 Rh2 43. Qd1 Rxh3 44. e6 fxe6 45. b5 Rhg3 46. Qh5 Rf6 47. Kc1 Rg2 48. Qd1 h3 49. Qh1 Rff2 50. Qxh3 Rf1# 0-1

[Event "Balaton Summer's End IM"]
[Site "Balatonlelle"]
[Date "2019.09.02"]
[Round "6"]
[White "Frolov, Artur"]
[Black "Isha, Sharma"]
[Result "1-0"]
[WhiteElo "2425"]
[BlackElo "2099"]
[PlyCount "55"]
[EventDate "2019.08.29"]
[EventType "tourn"]
[EventRounds "9"]
[EventCountry "HUN"]
[EventCategory "1"]
[SourceTitle "EXT 2020"]
[Source "ChessBase"]
[SourceDate "2019.10.17"]
[SourceVersion "1"]
[SourceVersionDate "2019.10.17"]
[SourceQuality "1"]

1. e4 d6 2. f4 c5 3. Nf3 Nc6 4. Nc3 g6 5. Bc4 Bg7 6. 0-0 e6 7. d3 Nge7 8. Qe1 0-0 9. a3 Nd4 10. Nxd4 cxd4 11. Nd1 d5 12. Bb3 dxe4 13. dxe4 Bd7 14. Nf2 Bb5 15. Nd3 Qb6 16. Rf3 Rac8 17. Qh4 f6 18. f5 Bc4 19. Rh3 exf5 20. Qxh7+ Kf7 21. Bh6 Rg8 22. e5 Bxb3 23. cxb3 Kf8 24. Re1 Rc2 25. e6 Qc6 26. Rg3 Qe8 27. Nf4 g5 28. Nh5 1-0

[Event "Balaton Summer's End IM"]
[Site "Balatonlelle"]
[Date "2019.08.30"]
[Round "2"]
[White "Vegh, Endre"]
[Black "Frolov, Artur"]
[Result "1/2-1/2"]
[WhiteElo "2239"]
[BlackElo "2425"]
[PlyCount "121"]
[EventDate "2019.08.29"]
[EventType "tourn"]
[EventRounds "9"]
[EventCountry "HUN"]
[EventCategory "1"]
[SourceTitle "EXT 2020"]
[Source "ChessBase"]
[SourceDate "2019.10.17"]
[SourceVersion "1"]
[SourceVersionDate "2019.10.17"]
[SourceQuality "1"]

1. d4 Nf6 2. c4 c5 3. d5 e5 4. Nc3 d6 5. e4 g6 6. Be2 h5 7. f4 exf4 8. Bxf4 Bg7 9. Nf3 0-0 10. 0-0 Re8 11. Bd3 Ng4 12. Qd2 a6 13. h3 Ne5 14. Nxe5 Bxe5 15. Bxe5 Rxe5 16. Qf4 Qe7 17. Rf3 Bd7 18. Qf6 Be8 19. Qxe7 Rxe7 20. Rf6 Rd7 21. Na4 Rd8 22. Nb6 Ra7 23. Bc2 a5 24. Ba4 Bxa4 25. Nxa4 Ra6 26. Raf1 Rf8 27. e5 dxe5 28. Nxc5 Rxf6 29. Rxf6 Rc8 30. Nxb7 Rxc4 31. Rd6 Kg7 32. Rd8 Na6 33. d6 Rb4 34. Nxa5 Nc5 35. Rc8 Ne6 36. Nc4 Kf6 37. b3 Rb5 38. Kf2 h4 39. Re8 Rd5 40. Rb8 Nc5 41. a4 Ne4+ 42. Ke3 Nxd6 43. Nxd6 Rxd6 44. a5 Ke6 45. b4 Ra6 46. Rd8 f5 47. Rh8 Kd5 48. Rxh4 f4+ 49. Kd3 e4+ 50. Kd2 e3+ 51. Ke2 g5 52. Rg4 Ke4 53. Rxg5 Rd6 54. Rg8 Rd2+ 55. Ke1 Ra2 56. Re8+ Kd3 57. Rd8+ Kc3 58. Rc8+ Kxb4 59. Rb8+ Kc3 60. Rc8+ Kd3 61. Rd8+ 1/2-1/2

[Event "Lvov Cup"]
[Site "Lvov"]
[Date "2019.08.21"]
[Round "8"]
[White "Frolov, Artur"]
[Black "Yurovskich, Oleksandr"]
[Result "0-1"]
[WhiteElo "2437"]
[BlackElo "2319"]
[PlyCount "44"]
[EventDate "2019.08.18"]
[EventType "swiss"]
[EventRounds "9"]
[EventCountry "UKR"]
[SourceTitle "EXT 2020"]
[Source "ChessBase"]
[SourceDate "2019.10.17"]
[SourceVersion "1"]
[SourceVersionDate "2019.10.17"]
[SourceQuality "1"]

1. e4 e6 2. d4 d5 3. Nd2 dxe4 4. Nxe4 Bd7 5. Bg5 Be7 6. Bxe7 Qxe7 7. Nf3 Bc6 8. Bd3 Nd7 9. 0-0 Ngf6 10. Re1 0-0 11. Nxf6+ Qxf6 12. Re3 g6 13. c3 Rfd8 14. Qe2 Bxf3 15. Rxf3 Qh4 16. g3 Qe7 17. Re1 c6 18. h4 Nf6 19. Qe5 Ng4 20. Qf4 h5 21. Bc4 Rd7 22. Qg5 Kg7 0-1

[Event "Pardubice Czech op-A 30th"]
[Site "Pardubice"]
[Date "2019.07.26"]
[Round "8"]
[White "Keller, Peter1111"]
[Black "Frolov, Artur"]
[Result "1-0"]
[WhiteElo "2279"]
[BlackElo "2453"]
[PlyCount "117"]
[EventDate "2019.07.19"]
[EventType "swiss"]
[EventRounds "9"]
[EventCountry "CZE"]
[SourceTitle "CBM 191"]
[Source "ChessBase"]
[SourceDate "2019.08.31"]
[SourceVersion "1"]
[SourceVersionDate "2019.08.31"]
[SourceQuality "1"]

1. e4 e5 2. Nf3 Nc6 3. Bc4 Bc5 4. 0-0 Nf6 5. d3 d6 6. c3 Bb6 7. a4 a6 8. Nbd2 Ne7 9. Re1 Ng6 10. a5 Ba7 11. d4 0-0 12. h3 h6 13. Bb3 Re8 14. Bc2 c6 15. dxe5 dxe5 16. Nc4 Qxd1 17. Rxd1 Be6 18. Nd6 Red8 19. Be3 Bxe3 20. fxe3 Rd7 21. b4 Rad8 22. Nxb7 Rxd1+ 23. Bxd1 Rd3 24. Nc5 Rxe3 25. Nxa6 Nxe4 26. Nc7 Bc8 27. Bc2 Nxc3 28. Bxg6 fxg6 29. a6 Re4 30. a7 Bb7 31. a8Q+ Bxa8 32. Rxa8+ Kf7 33. Re8 Nd5 34. Rxe5 Rxb4 35. Nxd5 cxd5 36. Rxd5 g5 37. Rd6 Re4 38. Kf2 Kg8 39. Rd7 g4 40. Rd4 Rxd4 41. Nxd4 gxh3 42. gxh3 Kf7 43. Kf3 g5 44. Ke4 Kg6 45. Nf3 Kf6 46. Nd2 Kg6 47. Nf3 Kf6 48. Ne5 Ke6 49. Nc4 Kf6 50. Ne3 Kg6 51. Ke5 Kh5 52. Ng2 Kg6 53. Ke6 h5 54. Ne3 h4 55. Ng4 Kh5 56. Nf6+ Kg6 57. Ke5 g4 58. Nxg4 Kg5 59. Nf2 1-0

[Event "Pardubice Czech op-A 30th"]
[Site "Pardubice"]
[Date "2019.07.25"]
[Round "7"]
[White "Frolov, Artur"]
[Black "Gazik, Viktor"]
[Result "1/2-1/2"]
[WhiteElo "2453"]
[BlackElo "2525"]
[PlyCount "127"]
[EventDate "2019.07.19"]
[EventType "swiss"]
[EventRounds "9"]
[EventCountry "CZE"]
[SourceTitle "CBM 191"]
[Source "ChessBase"]
[SourceDate "2019.08.31"]
[SourceVersion "1"]
[SourceVersionDate "2019.08.31"]
[SourceQuality "1"]

1. e4 c5 2. Nf3 d6 3. Bb5+ Nd7 4. c4 Ngf6 5. Nc3 g6 6. 0-0 Bg7 7. d3 0-0 8. Ba4 Nb6 9. Bb3 e5 10. Ne1 Nh5 11. Nc2 Nf4 12. Ne2 a5 13. Ne3 Bd7 14. Qd2 f5 15. Bd1 Bc6 16. Qc2 Qh4 17. g3 Nxe2+ 18. Bxe2 Qe7 19. Bf3 Rf7 20. Qe2 Raf8 21. exf5 gxf5 22. Nd5 Nxd5 23. cxd5 Bb5 24. a4 Ba6 25. Bh5 e4 26. Re1 Bxd3 27. Qd1 Qe5 28. Bxf7+ Rxf7 29. Qb3 c4 30. Qb6 Qxd5 31. Bd2 Qc5 32. Qxc5 dxc5 33. Bc3 Bd4 34. Kg2 f4 35. f3 exf3+ 36. Kxf3 fxg3+ 37. Kxg3 Bf2+ 38. Kg2 Bxe1 39. Rxe1 b6 40. Re8+ Rf8 41. Rxf8+ Kxf8 42. Be5 Ke7 43. Bc7 b5 44. axb5 c3 45. bxc3 a4 46. b6 Kd7 47. Be5 Kc6 48. c4 Bxc4 49. Kf2 Kxb6 50. Ke3 Kb5 51. Kd2 Bb3 52. Bb2 Kc4 53. Bh8 a3 54. Ba1 a2 55. Bh8 Kd5 56. Ke3 Ke6 57. Kf4 h6 58. h4 Kf7 59. Ba1 Kg6 60. Bh8 Kh5 61. Kg3 Bd5 62. Ba1 Kg6 63. Kf4 Bb3 64. Bh8 1/2-1/2

[Event "Pardubice Czech op-A 30th"]
[Site "Pardubice"]
[Date "2019.07.19"]
[Round "1"]
[White "Frolov, Artur"]
[Black "Ivanov, Igor4444"]
[Result "1-0"]
[WhiteElo "2453"]
[BlackElo "2203"]
[PlyCount "87"]
[EventDate "2019.07.19"]
[EventType "swiss"]
[EventRounds "9"]
[EventCountry "CZE"]
[SourceTitle "CBM 191"]
[Source "ChessBase"]
[SourceDate "2019.08.31"]
[SourceVersion "1"]
[SourceVersionDate "2019.08.31"]
[SourceQuality "1"]

1. e4 g6 2. d4 Bg7 3. Nc3 d6 4. f3 Nd7 5. Be3 a6 6. h4 h5 7. a4 c5 8. a5 cxd4 9. Bxd4 Bxd4 10. Qxd4 Ngf6 11. Bc4 Ne5 12. Bb3 0-0 13. Qd2 Kg7 14. Nge2 Be6 15. Nd5 Bxd5 16. exd5 Rc8 17. Ra4 Nfd7 18. Ba2 Qc7 19. Nd4 b5 20. Ra3 Nf6 21. Re3 Nc4 22. Bxc4 Qxc4 23. Rxe7 Kg8 24. Kf2 Qxd5 25. Rd1 Qc5 26. Qg5 Qxg5 27. hxg5 Nd5 28. Rd7 Nb4 29. c3 Nc6 30. Nxc6 Rxc6 31. R1xd6 Rfc8 32. Rxc6 Rxc6 33. Rb7 Rc4 34. Rb6 Ra4 35. b4 Ra2+ 36. Kg3 Rc2 37. Rxa6 Rxc3 38. Rb6 Kf8 39. Rxb5 Ra3 40. Rb6 Ke8 41. a6 Kd8 42. b5 Ra5 43. Rb7 Kc8 44. Kf4 1-0

[Event "Pardubice op rapid 30th"]
[Site "Pardubice"]
[Date "2019.07.17"]
[Round "2"]
[White "Potapov, Pavel"]
[Black "Frolov, Artur"]
[Result "1-0"]
[WhiteElo "2485"]
[BlackElo "2453"]
[PlyCount "58"]
[EventDate "2019.07.17"]
[EventType "swiss (rapid)"]
[EventRounds "9"]
[EventCountry "CZE"]
[SourceTitle "CBM 191 Extra"]
[Source "ChessBase"]
[SourceDate "2019.09.30"]
[SourceVersion "1"]
[SourceVersionDate "2019.09.30"]
[SourceQuality "1"]

1. e4 c5 2. c3 d5 3. exd5 Qxd5 4. d4 Nc6 5. Nf3 Nf6 6. Be3 cxd4 7. cxd4 e6 8. Nc3 Qd8 9. Bd3 Be7 10. 0-0 0-0 11. a3 b6 12. Qe2 Bb7 13. Rad1 Rc8 14. Bb1 Nd5 15. Qd3 g6 16. Ne4 Nxe3 17. Qxe3 Na5 18. Qh6 Bxe4 19. Bxe4 Nc4 20. b3 Nd6 21. Bb1 Rc3 22. d5 Nf5 23. Bxf5 exf5 24. d6 Bf6 25. d7 Rc7 26. Qd2 Qb8 27. Rfe1 Rd8 28. Qd6 Kg7 29. Re8 Kh6 1-0

[Event "Ceske Budejovice op"]
[Site "Ceske Budejovice"]
[Date "2019.07.02"]
[Round "4"]
[White "Frolov, Artur"]
[Black "Velicka, Petr"]
[Result "1-0"]
[WhiteElo "2453"]
[BlackElo "2428"]
[PlyCount "73"]
[EventDate "2019.06.29"]
[EventType "swiss"]
[EventRounds "9"]
[EventCountry "CZE"]
[SourceTitle "CBM 191 Extra"]
[Source "ChessBase"]
[SourceDate "2019.09.30"]
[SourceVersion "1"]
[SourceVersionDate "2019.09.30"]
[SourceQuality "1"]

1. e4 e5 2. Nf3 Nc6 3. Bb5 Nf6 4. 0-0 Nxe4 5. d4 Nd6 6. Bxc6 dxc6 7. dxe5 Nf5 8. Qxd8+ Kxd8 9. Rd1+ Ke8 10. Nc3 Ne7 11. Nd4 a6 12. Bg5 h6 13. Bh4 Nd5 14. Ne4 Be6 15. Rd2 g5 16. Bg3 Be7 17. Rad1 c5 18. Nb3 c4 19. Na5 Bb4 20. Rxd5 Bxd5 21. Rxd5 c6 22. Nf6+ Kf8 23. a3 cxd5 24. axb4 Kg7 25. Nxd5 Rhd8 26. Ne3 b5 27. Kf1 Kg6 28. Nc6 Re8 29. Nd5 Re6 30. f4 Kf5 31. Nd4+ Ke4 32. Nxe6 fxe6 33. Nf6+ Ke3 34. f5 exf5 35. e6 Kd2 36. c3 f4 37. Be1+ 1-0